|
|
|
|
| LEADER |
00000cam a2200000 7i4500 |
| 001 |
0000002341 |
| 005 |
20030528.0 |
| 020 |
0 |
0 |
|a 3880851565
|
| 090 |
0 |
0 |
|a 583.77
|b INT 1984
|
| 110 |
1 |
0 |
|a INTERNATIONAL Neem Conference
|i 2nd
|k 1983
|j Rauischholzhausen, Federal Republic of Germany
|
| 245 |
1 |
0 |
|a Natural pesticides from the neem tree (Azadirachta indica A. Juss) and other tropical plants :
|b proceedings of the second ... , Rauischholzhausen, Federal Republic of Germany, 25-28 May, 1983
|c compiled and prepared by Heinz Schmutterer, K. R. S. Ascher
|
| 260 |
0 |
0 |
|a Eschborn :
|b Dt. Ges. fur Techn. Zusammenarbeit (GTZ) GmbH ,
|c 1984
|
| 300 |
|
|
|a 587 p. :
|b ill. ;
|c 21 cm.
|
| 500 |
0 |
0 |
|a Includes bibliograhies
|
| 650 |
0 |
0 |
|a Neem products
|x Congresses
|
| 650 |
0 |
0 |
|a Neem
|x Congresses
|
| 700 |
0 |
1 |
|a Ascher
|h K. R. S.
|
| 700 |
0 |
1 |
|a Schmutterer
|h Heinz
|
| 998 |
|
|
|a JPSM
|
| 999 |
|
|
|a 0000004144
|b Monograph
|c Open Shelf
|e Default branch
|